000 01091nam a2200301Ia 4500
001 11213
003 GE_BSU
008 181216s||||||||xx |||||||||||||| ||und||
020 _a9785756706727
040 _cGE_BSU
080 _a327.1(075.8)
100 _aА.Ю.Борисов;Н.Е.Клейменова; М.М.Наринский; А.Ю.Сидоров.
245 _aИстория Международных Отношений; Т.II. Межвоенный Период и Вторая Война.
245 _bУчебник; :
245 _cПод.ред:А.В.Торкунова; М.М.Наринского.
250 _a2е изд;испр.
260 _aМосква.
260 _bАспект Пресс.
260 _c2014.
300 _a496стр;24см.
300 _eБиблиогр стр.468.
541 _h69л.
653 _aИстория Международных Отношений. т. 2
653 _aМежвоенный Период и Вторая Война.
653 _aПолитика
653 _aპოლიტიკა
942 _cBK
999 _c44444
_d44444